Entry Personal Name
Number of records used in: 1
001 - CONTROL NUMBER
003 - CONTROL NUMBER IDENTIFIER
005 - DATE AND TIME OF LATEST TRANSACTION
- control field:
20231019112543.0
008 - FIXED-LENGTH DATA ELEMENTS
- fixed length control field:
890616n| azannaabn |b aaa c
010 ## - LIBRARY OF CONGRESS CONTROL NUMBER
- LC control number:
nr 89007559
035 ## - SYSTEM CONTROL NUMBER
- System control number:
(OCoLC)oca02587955
040 ## - CATALOGING SOURCE
- Original cataloging agency:
NjP
- Language of cataloging:
eng
- Description conventions:
rda
- Transcribing agency:
NjP
- Modifying agency:
NjP
- Modifying agency:
OCoLC
- Modifying agency:
DLC
- Modifying agency:
OCoLC
- Modifying agency:
DLC
- Modifying agency:
InU
053 #0 - LC CLASSIFICATION NUMBER
- Classification number element--single number or beginning number of span:
PJ7750.Q87
100 1# - HEADING--PERSONAL NAME
- Personal name:
Qushayrī, ʻAbd al-Karīm ibn Hawāzin,
- Dates associated with a name:
986-1072
400 0# - SEE FROM TRACING--PERSONAL NAME
- Personal name:
ʻAbd al-Karīm ibn Hawāzin al-Qushayrī,
- Dates associated with a name:
986-1072
400 0# - SEE FROM TRACING--PERSONAL NAME
- Personal name:
Zayn al-Islām ʻAbd al-Karīm al-Qushayrī,
- Dates associated with a name:
986-1072
400 1# - SEE FROM TRACING--PERSONAL NAME
- Personal name:
Qušayrī, Abu l-Qāsim ʻAbd al-Karīm b. Hawāzin,
- Dates associated with a name:
986-1072
400 1# - SEE FROM TRACING--PERSONAL NAME
- Personal name:
Al Kouchaïri, Abdel-Karim,
- Dates associated with a name:
986-1072
400 1# - SEE FROM TRACING--PERSONAL NAME
- Personal name:
Kouchaïri, Abdel-Karim,
- Dates associated with a name:
986-1072
400 1# - SEE FROM TRACING--PERSONAL NAME
- Personal name:
Qushairī, Abu al-Qāsim,
- Dates associated with a name:
986-1072
400 1# - SEE FROM TRACING--PERSONAL NAME
- Personal name:
قشيري، عبد الكريم بن هوازن
400 0# - SEE FROM TRACING--PERSONAL NAME
- Personal name:
أبو القاسم عبد الكريم بن هوازن القشيري
400 1# - SEE FROM TRACING--PERSONAL NAME
- Personal name:
قشيري، عبد الكريم بن هوازن،
- Dates associated with a name:
986-1072
400 1# - SEE FROM TRACING--PERSONAL NAME
- Personal name:
قشيري، عبد الكريم بن هوازن،
- Dates associated with a name:
1072-986
400 0# - SEE FROM TRACING--PERSONAL NAME
- Personal name:
Abūʼl-Qāsim al-Qushayrī,
- Dates associated with a name:
986-1072
400 1# - SEE FROM TRACING--PERSONAL NAME
- Personal name:
Qushayrī, Abūʼl-Qāsim,
- Dates associated with a name:
986-1072
400 1# - SEE FROM TRACING--PERSONAL NAME
- Personal name:
Qushayrī, Abū al-Qāsim,
- Dates associated with a name:
986-1072
400 1# - SEE FROM TRACING--PERSONAL NAME
- Personal name:
Qushaĭrī, Abulqosimi,
- Dates associated with a name:
986-1072
670 ## - SOURCE DATA FOUND
- Source citation:
His Tartīb al-sulūk fī ṭarīq Allāh taʻālá, 1985:
- Information found:
t.p. (al-Imām Zayn al-Islām ʻAbd al-Karīm al-Qushayrī) p. 16 (b. Rabīʻ I, 376 H, d. 16 Rabīʻ II, 465 H; ʻAbd al-Karīm ibn Hawāzin ibn ʻAbd al-Malik ibn Ṭalḥah ibn Muḥammad al-Qushayrī ... Abū al-Qāsim)
670 ## - SOURCE DATA FOUND
- Source citation:
Brockelmann
- Information found:
(al-Qošairī; Abuʼl-Q. ʻAbdalkarīm b. Hawāzin b. ʻAbdalmalik b. Ṭalḥa b. M. al-Qošairī; b. Rabīʻ I, 376/July 986, d. 16 Rabīʻ II/12-31-1072)
670 ## - SOURCE DATA FOUND
- Source citation:
Ziriklī
- Information found:
(al-Qushayrī; ʻAbd al-Karīm ibn Hawāzin ibn ʻAbd al-Malik ibn Ṭalḥah al-Nīsābūrī al-Qushayrī ... Abū al-Qāsim, Zayn al-Islām; 376-465/986-1072)
670 ## - SOURCE DATA FOUND
- Source citation:
His Das Sendschreiben al-Qušayrīs über das Sufitum, 1989:
- Information found:
p. 5 (Abu l-Qāsim ʻAbd al-Karīm b. Hawāzin al-Qušayrī)
670 ## - SOURCE DATA FOUND
- Source citation:
His Naḥw al-qulūb al-ṣaghīr, 1977:
- Information found:
t.p. (lil-ustādh al-Imām ʻAbd al-Karīm al-Qushayrī) p. 4 of cover (Abdel-Karim Al Kouchaïri)
670 ## - SOURCE DATA FOUND
- Source citation:
Qur'ānic exegesis in the classical literature ... 2006:
- Information found:
t.p. (Abu al-Qāsim al-Qushairī)
670 ## - SOURCE DATA FOUND
- Source citation:
Nguyen, M. Sufi master and Qur'an scholar, 2012:
- Information found:
t.p. (Abūʼl-Qāsim al-Qushayrī)
670 ## - SOURCE DATA FOUND
- Source citation:
His Risolai Qushaĭrii︠a︡, 2014:
- Information found:
title page (Abulqosimi Qushaĭrī)